Faktory konkurencieschopnosti hotelov na Slovensku
Východiská skúmania konkurencieschopnosti hotela. Analýza faktorov konkurencieschopnosti hotelov v SR na základe primárneho a sekundárneho prieskumu.
Na minha lista:
| Autor principal: | |
|---|---|
| Outros Autores: | |
| Formato: | Capítulo de Livro |
| Idioma: | eslovaco |
| Assuntos: | |
| Tags: |
Sem tags, seja o primeiro a adicionar uma tag!
|
MARC
| LEADER | 00000naa a2200000 4500 | ||
|---|---|---|---|
| 001 | 0211072 | ||
| 005 | 20231016074940.2 | ||
| 041 | 0 | |a slo | |
| 044 | |a SK | ||
| 245 | 1 | 0 | |a Faktory konkurencieschopnosti hotelov na Slovensku |c Andrej Malachovský, Miroslav Hruška |
| 520 | |a Východiská skúmania konkurencieschopnosti hotela. Analýza faktorov konkurencieschopnosti hotelov v SR na základe primárneho a sekundárneho prieskumu. | ||
| 610 | 2 | 0 | |a konkurencieschopnosť |
| 610 | 2 | 0 | |a konkurencia |
| 610 | 2 | 0 | |a hotely |
| 610 | 2 | 0 | |a prieskum |
| 610 | 2 | 0 | |a kapitál ľudský |
| 610 | 2 | 0 | |a ceny |
| 610 | 2 | 0 | |a náklady prevádzkové |
| 610 | 2 | 0 | |a marketing |
| 610 | 2 | 0 | |a technológie nové |
| 610 | 2 | 0 | |a inovácia |
| 610 | 2 | 0 | |a dopyt |
| 610 | 2 | 0 | |a zákazníci |
| 610 | 2 | 0 | |a značky |
| 610 | 2 | 0 | |a Slovensko |
| 100 | 1 | |a Malachovský, Andrej | |
| 700 | 1 | |a Hruška, Miroslav | |